Coastal zone management handbook

Պահպանված է:
Մատենագիտական մանրամասներ
Հիմնական հեղինակ: Clark, John R (Հեղինակ)
Ձևաչափ: Գիրք
Լեզու:անգլերեն
Հրապարակվել է: Boca Ratón Lewis 1996
Խորագրեր:
Ցուցիչներ: Ավելացրեք ցուցիչ
Չկան պիտակներ, Եղեք առաջինը, ով նշում է այս գրառումը!

MARC

LEADER 00000nam a2200000 a 4500
001 UCM1268
003 CL-VaPUC
008 020328e19960000US |||||||||||||||||eng|d
082 0 4 |a 333.784  |b CLA  |2 21 
100 0 |a Clark, John R  |e author  |9 468318 
245 1 0 |a Coastal zone management handbook 
300 |a 694 p 
942 |c BK 
945 |d 20020328 00:00:00  |a cmena 
260 |a Boca Ratón  |b Lewis  |c 1996 
650 0 |a Zona costera  |x Planificación estratégica   |9 468319 
650 7 |a GESTION DE RECURSOS NATURALES  |2 CL-VaPUC  |9 465748 
583 |a last modification  |c 20020328 00:00:00  |k Rodrigo Vera 
999 |c 299859  |d 299857 
952 |0 0  |1 0  |4 0  |6 333_784000000000000_CLA_1996  |7 0  |8 CCM  |9 356846  |a BIBCUR  |b BIBCUR  |d 2019-11-21  |i 3803139  |o 333.784 CLA 1996  |p 3803139  |r 2025-04-22  |w 2019-11-21  |y BK  |k CIM